000 00634nam a2200193Ia 4500
005 20250508153439.0
008 008 250505s9999 xx 000 0 eng d
037 _aTextual
040 _aFEDL
_beng
_cFEDL
041 _aeng
_2eng
084 _a300.7, UNI
_qFEDL
100 _aHill Wilhelmina
_9764033
245 0 _aUnit planning and teaching in elementary social studies
245 0 _cU. S. Department of Health, Education, and Welfare. Anthony J. Celebrezze
260 _aWashington, USA
_bU.S. Government Printing Office
_c1963
300 _avi,81p.
942 _cTEXL
_h300.7, UNI
999 _c1342942
_d1342942